1934 1500 1690 1704 1481 1647 1576 1459 1218 1897 1116 1354 1511 1256 1505 1816 1147 1332 1522 1359 1315 1084 1598 1744 1566 1303 1132 1395 1784 1885 1364 1726 1016 1348 1092 1541 1713 1299 1169 1127 1684 1419 1087 1460 1465 1159 1045 1340 1943 1601 1395 1443 1769 1419 1786 1675 1978 1286 1908 1937 1091 1201 1982 1199 1229 1960 1944 1733 1146 1650 1699 1402 1418 1741 1435 1698 1773 1664 1441 1679 1665 1294 1042 1319 1179 1120 1294 1553 1212 1037 1971 1175 1635 1498 1703 1746 1816 1976 1066 BCNSPRNW ULIB Ver.6.0+V

เปลี่ยนเป็นภาษาไทย

Change to English
 แสดงรายละเอียดบรรณานุกรม
  กลับหน้าหลัก

Brief Record : Get Marc (ISO 2709) : E-mail record : QR code < ปิดหน้าต่าง
LEADER : 00000nam 2200000uu 4500
001    13399120895
003     ULIB
008    121024s2541||||th 000 0 tha d
020    ^a9746617532
099    ^aวพ.HQ31^bส351ป
100 0  ^aสราญจิต อินศร,^d2507-
245 10 ^a ประสิทธิผลของโปรแกรมการอบรมเพื่อพัฒนาการรับรู้ความสามารถตนเองในการป้องกันการถูกทารุณกรรมทางเพศของนักเรียนชั้นประถมศึกษาปีที่ 4 อำเภอเมือง จังหวัดมหาสารคาม =^bEffectiveness of training programmes for development of self-efficacy for sexual abuse prevention among Pratomsuksa 4 students Mahasarakham Province /^cสราญจิต อินศร
246 31 ^aEffectiveness of training programmes for development of self-efficacy for sexual abuse prevention among Pratomsuksa 4 students Mahasarakham Province
260    ^a^c2541
300    ^aก-ญ, 259 แผ่น ;^c30 ซม.
502    ^aวิทยานิพนธ์ (วท.ม. (สาธารณสุขศาสตร์))--มหาวิทยาลัยมหิดล, 2541
610 24 ^aมหาวิทยาลัยมหิดล^xวิทยานิพนธ์
610 24 ^aมหาวิทยาลัยมหิดล. ^bคณะสาธารณสุขศาสตร์^xวิทยานิพนธ์
650  4 ^aเด็ก, การทารุณทางเพศ^xการป้องกันและควบคุม
650  4 ^aโปรแกรมการพัฒนาการรับรู้ความสามารถของตนเองในการป้องกันการถูกทารุณกรรมทางเพศ
691    ^aวท.ม. (2541)
692    ^aอนามัยครอบครัว (มหาวิทยาลัยมหิดล 2541)
700 0  ^aศิริกุล อิศรานุรักษ์,^eที่ปรึกษา
710 2  ^aมหาวิทยาลัยมหิดล
710 2  ^aมหาวิทยาลัยมหิดล. ^bคณะสาธารณสุขศาสตร์
945    ^p0^l0^i032869
995    ^a เกษร
999    ^aใช้งานได้ทุกระบบ
รายการนี้ยังไม่มีแท็ก
คุณยังไม่ได้ล็อกอิน คุณสามารถมีกิจกรรมร่วมกับเว็บไซต์ได้ แต่ต้องล็อกอินก่อน ::
  ล็อกอิน

รายการสื่อสารสนเทศ

ลำดับที่ ประเภท เลขเรียก/บาร์โค้ด สถานที่ สถานะ
1. วิทยานิพนธ์
วิทยานิพนธ์
วพ.HQ31 ส351ป  
  Barcode: 032869
ห้องสมุดวิทยาเขตสวรรค์ประชารักษ์
►วิจัย
บนชั้น

BibComment


ยังไม่เคยถูกคอมเมนท์

คอมเมนท์ทรัพยากรรายการนี้
  คอมเมนท์: ประสิทธิผลของโป..


 Copyright 2026. Bcnsprnw @Library